Statistics for Cities on Interstate 5 on a Map

Click here to take the quiz!

General Stats

  • This quiz has been taken 1,732 times
  • The average score is 12 of 20

Answers on the Map

Answers color-coded by a green-red scale on the quiz's map according to % correct below.
 

Answer Stats

PopulationAnswer% Correct
4,057,841Los Angeles
99%
766,893Seattle
99%
667,589Portland
98%
1,453,775San Diego
98%
513,330Sacramento
95%
177,019Salem
81%
222,128Tacoma
72%
175,803Eugene
71%
388,092Bakersfield
70%
356,308Anaheim
65%
181,915Vancouver
58%
314,584Stockton
54%
334,811Santa Ana
48%
273,565Chula Vista
45%
297,019Irvine
41%
183,922Santa Clarita
32%
204,008Glendale
24%
176,466Oceanside
24%
179,835Elk Grove
22%
142,119Fullerton
13%

Score Distribution

Percentile by Number Answered

Percent of People with Each Score

Your Score History

You have not taken this quiz